000
00294nam a22001337a 4500
008
181018b xxu||||| |||| 00| 0 eng d
020
_a
7969600
041
_a
eng
080
_a
371
100
_a
46
101
_a
EDU
245
_a
Experimental Methodology
_c
Christensen, L.B
942
_2
udc
_c
BK
999
_c
50147
_d
50147